Statistics for Happy Bday Quiz # 22

Click here to take the quiz!

General Stats

  • This quiz has been taken 7 times
  • The average score is 8 of 22

Answer Stats

QuestionAnswer% Correct
What is the largest music festival in the UK? (and one I would love to go see)Glastonbury
83%
What art movement was started by Monet?Impressionism
67%
What was the original name of London?Londinium
67%
What was deemed eradicated in 1980?Smallpox
67%
Who wrote the song 22?Taylor Swift
67%
What planet was the first to be discovered using a telescope?Uranus
67%
How many English Premier League football teams are located in London?6
50%
Where is the Meridian Line?Greenwich
50%
Who were the first to reach North America?The Vikings (Leif Erikson)
50%
How much do I love you? (hint: TONS!) Happy Birthday!TONS!
50%
What language added a new letter to its alphabet on 29 June 2017?German (capital ẞ)
33%
What capital city is closest to Tallinn?Helsinki
33%
Which artist painted The Kiss?Klimt
33%
What is the name of the basillica in Barcelona?Sagrada Familia
33%
What popular guitar brands' creator actually never played guitar? (tough one)Fender
17%
Big Ben is an example of what type of architecture?Gothic Revival Style
17%
Who is the most hated character on Lost? (This isn't even an opinion its a fact...)Michael
17%
What museum is located in Trafalgar Square?The National Gallery
17%
BONUS: What was the name of the airline that carried the Lost survivors back to the island?Ajira
0%
On what island is Sant Antoni de Portmany located?Ibiza
0%
Who is chilling in the UCL student lounge?Jeremy Bentham
0%
What was the name of the infamous flight in Lost? (Hint: You need both the airline and flight #)Oceanic Flight 815
0%

Score Distribution

Percentile by Number Answered

Percent of People with Each Score

Your Score History

You have not taken this quiz